Լիր թագաւոր : (Record no. 76977)
[ view plain ]
| 000 -LEADER | |
|---|---|
| fixed length control field | 00816nam a2200205 a 4500 |
| 001 - CONTROL NUMBER | |
| control field | 000219622 |
| 003 - CONTROL NUMBER IDENTIFIER | |
| control field | AM-YeHGA |
| 005 - DATE AND TIME OF LATEST TRANSACTION | |
| control field | 20250618071520.0 |
| 008 - FIXED-LENGTH DATA ELEMENTS--GENERAL INFORMATION | |
| fixed length control field | 030421s1888 ai |||||r 000 0 arm d |
| 040 ## - CATALOGING SOURCE | |
| Original cataloging agency | AM-YeHGA |
| 041 ## - LANGUAGE CODE | |
| Language code of text/sound track or separate title | arm |
| Language code of original | eng |
| 090 ## - LOCALLY ASSIGNED LC-TYPE CALL NUMBER (OCLC); LOCAL CALL NUMBER (RLIN) | |
| -- | 78217 |
| 100 1# - MAIN ENTRY--PERSONAL NAME | |
| Personal name | Շեքսպիր, Ուիլյամ, |
| Dates associated with a name | 1564-1616 |
| 9 (RLIN) | 4634 |
| 245 10 - TITLE STATEMENT | |
| Title | Լիր թագաւոր : |
| Remainder of title | Ողբերգութիւն հինգ արարուածով / |
| Statement of responsibility, etc. | Վ. Շեքսպիր ; Թարգմ.՝ Ստ. Մալխասյանց. |
| 260 ## - PUBLICATION, DISTRIBUTION, ETC. | |
| Place of publication, distribution, etc. | Ս. Պետերբուրգ : |
| Name of publisher, distributor, etc. | տպ. Ի.Ն. Սկորոխոդով, |
| Date of publication, distribution, etc. | 1888. |
| 300 ## - PHYSICAL DESCRIPTION | |
| Extent | 184 էջ ; |
| Dimensions | 22 սմ. |
| 650 14 - SUBJECT ADDED ENTRY--TOPICAL TERM | |
| Topical term or geographic name entry element | Անգլիական գրականություն |
| General subdivision | Թատերգություն |
| 700 1# - ADDED ENTRY--PERSONAL NAME | |
| Personal name | Մալխասյանց, Ստեփան Սարգսի, |
| Dates associated with a name | 1857-1947 |
| Relator term | թարգմ. |
| Relationship | trl |
| 9 (RLIN) | 8793 |
| 942 ## - ADDED ENTRY ELEMENTS (KOHA) | |
| Source of classification or shelving scheme | Universal Decimal Classification |
| Koha item type | Գրքեր / Books |
| Withdrawn status | Lost status | Source of classification or shelving scheme | Damaged status | Not for loan | Collection | Home library | Current library | Date acquired | Total checkouts | Full call number | Barcode | Date last seen | Cost, replacement price | Price effective from | Koha item type | Public note |
|---|---|---|---|---|---|---|---|---|---|---|---|---|---|---|---|---|
| Universal Decimal Classification | Agulian Individual Collection | Fundamental Scientific Library | Fundamental Scientific Library | 22/12/2016 | Agul/828 | FL0081424 | 22/12/2016 | 3.00 | 22/12/2016 | Գրքեր / Books | ILL Non-Circ. | |||||
| General | Fundamental Scientific Library | Fundamental Scientific Library | 22/12/2016 | AII/21009 | FL0006625 | 22/12/2016 | 1.00 | 22/12/2016 | Գրքեր / Books | 30 Days Loan | ||||||
| General | Fundamental Scientific Library | Fundamental Scientific Library | 22/12/2016 | AII/4400 | FL0025284 | 22/12/2016 | 22/12/2016 | Գրքեր / Books | 30 Days Loan | |||||||
| Universal Decimal Classification | Levonyan Individual Collection | Fundamental Scientific Library | Fundamental Scientific Library | 22/12/2016 | Լեվ/1000 | FL0392682 | 22/12/2016 | 22/12/2016 | Գրքեր / Books | ILL Non-Circ. | ||||||
| Universal Decimal Classification | Vache Nalbandyan Individual Collection | Fundamental Scientific Library | Fundamental Scientific Library | 22/12/2016 | Nalb/356 | FL0276298 | 22/12/2016 | 22/12/2016 | Գրքեր / Books | ILL Non-Circ. |
ՀՀ Գիտությունների ազգային ակադեմիայի հիմնարար գիտական գրադարան = Fundamental Scientific Library of NAS RA
All site content, except where otherwise noted, is licensed under a